Loading...
| Religion | 0 | 7 | 0 | 3 | 70 | 38 | 91.57 | 1 | 6 | 0.00 | 0.00 |
| History - World | 0 | 7 | 0 | 2 | 70 | 54 | 79.57 | 2 | 5 | 0.00 | 0.00 |
| Philosophy | 0 | 6 | 0 | 0 | 60 | 70 | 99.50 | 1 | 4 | 0.00 | 0.00 |
| History - European | 0 | 6 | 0 | 0 | 60 | 57 | 74.33 | 2 | 5 | 0.00 | 0.00 |
| History - Other | 0 | 6 | 0 | 1 | 60 | 42 | 66.50 | 2 | 5 | 0.00 | 0.00 |
| Mythology | 0 | 5 | 0 | 0 | 50 | 68 | 95.00 | 0 | 3 | 0.00 | 0.00 |
| Fine Arts - Classical Music | 0 | 5 | 0 | 2 | 50 | 45 | 104.60 | 0 | 1 | 0.00 | 0.00 |
| Science - Other | 0 | 4 | 0 | 0 | 40 | 53 | 83.50 | 0 | 2 | 0.00 | 0.00 |
| Literature - British | 0 | 4 | 0 | 0 | 40 | 107 | 118.75 | 1 | 2 | 0.00 | 0.00 |
| Literature - European | 0 | 3 | 0 | 0 | 30 | 68 | 79.67 | 1 | 3 | 0.00 | 0.00 |
| History - American | 0 | 4 | 2 | 0 | 30 | 63 | 91.00 | 2 | 2 | 0.00 | 0.00 |
| Other Academic | 0 | 3 | 0 | 2 | 30 | 80 | 112.33 | 0 | 1 | 0.00 | 0.00 |
| Science - Biology | 0 | 3 | 0 | 2 | 30 | 71 | 104.33 | 0 | 2 | 0.00 | 0.00 |
| Science - Physics | 0 | 3 | 0 | 0 | 30 | 50 | 69.67 | 1 | 3 | 0.00 | 0.00 |
| Fine Arts - Other | 0 | 3 | 1 | 0 | 25 | 110 | 119.67 | 0 | 1 | 0.00 | 0.00 |
| Literature - World/Other | 0 | 2 | 0 | 0 | 20 | 91 | 94.00 | 0 | 1 | 0.00 | 0.00 |
| Social Science | 0 | 2 | 1 | 0 | 15 | 86 | 95.00 | 0 | 0 | 0.00 | 0.00 |
| Geography/Current Events | 0 | 2 | 1 | 1 | 15 | 117 | 120.00 | 0 | 2 | 0.00 | 0.00 |
| Science - Chemistry | 0 | 1 | 0 | 0 | 10 | 131 | 131.00 | 0 | 0 | 0.00 | 0.00 |
| Literature - American | 0 | 1 | 0 | 0 | 10 | 68 | 68.00 | 1 | 1 | 0.00 | 0.00 |
| Fine Arts - Visual | 0 | 1 | 2 | 0 | 0 | 111 | 111.00 | 0 | 0 | 0.00 | 0.00 |